| 000 | 01437nam a2200349 a 4500 | ||
|---|---|---|---|
| 001 | ebr10273693 | ||
| 003 | CaPaEBR | ||
| 006 | m u | ||
| 007 | cr cn||||||||| | ||
| 008 | 070712s2007 at sb 001 0 eng c | ||
| 010 | _z 2007407177 | ||
| 020 | _z1876756608 (pbk.) | ||
| 020 | _z9781876756604 (pbk.) | ||
| 040 |
_aCaPaEBR _cCaPaEBR |
||
| 035 | _a(OCoLC)605296874 | ||
| 043 | _au-at-vi | ||
| 050 | 1 | 4 |
_aHQ270.V53 _bS85 2007eb |
| 082 | 0 | 4 |
_a338.4/730674 _222 |
| 100 | 1 |
_aSullivan, Mary Lucille, _d1950- |
|
| 245 | 1 | 0 |
_aMaking sex work _h[electronic resource] : _ba failed experiment with legalised prostitution / _cMary Lucille Sullivan. |
| 260 |
_aNorth Melbourne, Vic., Australia : _bSpinifex, _c2007. |
||
| 300 | _aviii, 413 p. | ||
| 504 | _aIncludes bibliographical references (p. 358-402) and index. | ||
| 533 |
_aElectronic reproduction. _bPalo Alto, Calif. : _cebrary, _d2013. _nAvailable via World Wide Web. _nAccess may be limited to ebrary affiliated libraries. |
||
| 650 | 0 |
_aProstitution _zAustralia _zVictoria. |
|
| 650 | 0 |
_aProstitution _xGovernment policy _zAustralia _zVictoria. |
|
| 650 | 0 |
_aProstitution _xEconomic aspects _zAustralia _zVictoria. |
|
| 650 | 0 |
_aProstitutes _zAustralia _zVictoria. |
|
| 655 | 7 |
_aElectronic books. _2local |
|
| 710 | 2 | _aebrary, Inc. | |
| 856 | 4 | 0 |
_uhttp://site.ebrary.com/lib/rucke/Doc?id=10273693 _zAn electronic book accessible through the World Wide Web; click to view |
| 999 |
_c21804 _d21804 |
||